| 000 | 00646nam a2200217 a 4500 | ||
|---|---|---|---|
| 005 | 20140310183445.0 | ||
| 008 | 081002s19uu xx 00 eng d | ||
| 020 | _a9782888930136 | ||
| 050 |
_aNC 1882 _b.R58 2007 |
||
| 100 | _aRivers, Charlotte | ||
| 245 |
_aCD-art : _binnovation in CD packaging design / _cCharlotte Rivers |
||
| 260 |
_aSwitzerland : _bRotoVision Book, _c2007. |
||
| 300 |
_a176 p. : _bcol. ill. ; _c19 cm. |
||
| 521 | _aMA | ||
| 650 | _aComputer Studies. | ||
| 650 |
_aComputer graphics _xSoftware. |
||
| 650 |
_aGraphic arts _xSoftware. |
||
| 650 |
_aComputer art _xSoftware. |
||
| 942 |
_cBK _2lcc _kFOR |
||
| 999 |
_c23230 _d23230 |
||